Statistics for We are Young Lyrics

Click here to take the quiz!

General Stats

  • This quiz has been taken 1,530 times
    (1,528 since last reset)
  • The average score is 269 of 326

Answer Stats

Answer% Correct
a
100%
are
99%
you
99%
the
98%
The
98%
We
98%
we
98%
I
97%
to
97%
young
97%
on
94%
So
94%
fire
92%
than
92%
me
91%
tonight
91%
Tonight
91%
in
90%
my
90%
My
90%
set
90%
sun
90%
world
90%
get
88%
friends
87%
higher
87%
And
86%
and
86%
can
86%
bar
85%
bathroom
85%
Empire
85%
State
85%
brighter
84%
getting
84%
home
84%
carry
83%
Carry
83%
know
83%
let's
83%
need
83%
Give
82%
it
82%
story
82%
just
81%
Just
81%
second
81%
straight
81%
by
80%
waiting
80%
feel
79%
I'll
79%
like
79%
some
79%
take
79%
ago
78%
down
78%
I'm
78%
lover
78%
But
77%
closes
77%
fall
77%
months
77%
sunglasses
76%
forget
75%
time
75%
trying
75%
across
74%
asking
74%
been
74%
burn
74%
falling
74%
gave
74%
your
74%
about
73%
scar
73%
she's
73%
back
72%
if
71%
no
71%
taken
70%
that
70%
between
69%
seats
69%
things
67%
apologies
66%
hard
64%
holes
64%
not
63%
All
62%
got
60%
drinks
59%
subtle
56%
could
53%
our
50%
someone
50%
thought
50%
is
49%
raise
49%
apart
48%
find
48%
Maybe
48%
Now
46%
guess
45%
found
42%
Cause
39%
have
38%
ways
38%
will
37%
come
34%
toast
32%
reason
31%
new
29%
side
29%
hear
28%
run
24%
never
23%
choir
18%
moon
18%
angels
17%
arrived
14%

Score Distribution

Percentile by Number Answered

Percent of People with Each Score

Your Score History

You have not taken this quiz since the last reset